000 00598nam a2200193 a 4500
001 000876853
003 AM-YeHGA
005 20250617164808.0
008 120321s1962 mv r 000 0 rus d
040 _aAM-YeHGA
041 0 _arus
100 1 _aЛьвин, Н.С.
245 1 0 _aБорьба с эрозией почвы в садах на склонах /
_cН.С. Львин.
260 _aКишинев :
_bИзд-во с.-х. литер. МСХ МССР,
_c1962.
300 _a83 с. :
_bрис. ;
_c21 см.
650 1 4 _aСадоводство
942 _2udc
_cBK
090 _c568119
999 _c529638
_d529638